"Лучшая режиссура" - фильмы-лауреаты премии "Оскар" - Statistics

General Stats
  • This quiz has been taken 8 times
  • The average score is 17 of 98
Answer Stats
Год Страна(-ы) Режиссёр(-ы) Фильм % Correct
1998 США Джеймс Кэмерон "Титаник"
71%
2005 США Клинт Иствуд "Малышка на миллион"
71%
2020 Республика Корея Пон Чжун Хо "Паразиты"
71%
2023 США Дэниел Шайнерт и Дэн Кван "Всё везде и сразу"
71%
2024 Великобритания, США Кристофер Нолан "Оппенгеймер"
71%
2025 США Шон Бейкер "Анора"
71%
2004 Новая Зеландия, Германия, США Питер Джексон "Властелин колец: Возвращение короля"
57%
2007 США, Гонконг Мартин Скорсезе "Отступники"
57%
2008 США Джон Коэл и Итан Коэл "Старикам тут не место"
57%
2011 Великобритания, Австралия Том Хупер "Король говорит!"
57%
2012 Франция, Бельгия Мишель Хазанавичус "Артист"
57%
2018 США Гильермо дель Торо "Форма воды"
57%
1992 США Джонатан Демми "Молчание ягнят"
43%
1994 США Стивен Спилберг "Список Шиндлера"
43%
1995 США Роберт Земекис "Форрест Гамп"
43%
1996 США Мел Гибсон "Храброе сердце"
43%
1999 США Стивен Спилберг "Спасти рядового Райана"
43%
2000 США Сэм Мендес "Красота по-американски"
43%
2002 США Рон Ховард "Игры разума"
43%
2009 Великобритания, США, Индия Дэнни Бойл "Миллионер из трущоб"
43%
2014 Великобритания, США Альфонсо Куарон "Гравитация"
43%
2015 США Алехандро Г. Иньярриту "Бёрдмэн"
43%
2016 США Алехандро Г. Иньярриту "Выживший"
43%
2017 США Дэмьен Шазелл "Ла-Ла Ленд"
43%
2021 США Хлоя Чжао "Земля кочевников"
43%
1989 США Барри Левинсон "Человек дождя"
29%
1993 США Клинт Иствуд "Непрощённый"
29%
2003 Франция, Германия, Великобритания, Польша Роман Полански "Пианист"
29%
2010 США Кэтрин Бигелоу "Повелитель бури"
29%
2019 Мексика, США Альфонсо Куарон "Рома"
29%
2022 Великобритания, США, Новая Зеландия, Греция, Австралия, Канада Джейн Кэмпион "Власть пса"
29%
1975 США Фрэнсис Форд Коппола "Крёстный отец 2"
29%
1940 США Виктор Флеминг "Унесённые ветром"
14%
1944 США Майкл Кёртис "Касабланка"
14%
1963 Великобритания Дэвид Лин "Лоуренс Аравийский"
14%
1968 США Майк Николс "Выпускник"
14%
1976 США Милош Форман "Пролетая над гнездом кукушки"
14%
1980 США Роберт Бентон "Крамер против Крамера"
14%
2001 США Стивен Содерберг "Траффик"
14%
2006 США Энг Ли "Горбатая гора"
14%
2013 США Энг Ли "Жизнь Пи"
14%
1929 США Льюис Майлстоун "Два аравийских рыцаря"
0%
1929 США Фрэнк Боргейзи "Седьмое небо"
0%
1930 США Фрэнк Ллойд "Божественная леди"
0%
1930 США Льюис Майлстоун "На западном фронте без перемен"
0%
1931 США Норман Таурог "Скиппи"
0%
1932 США Фрэнк Боргейзи "Плохая девчонка"
0%
1934 США Фрэнк Ллойд "Кавалькада"
0%
1935 США Франк Капра "Это случилось однажды ночью"
0%
1936 США Джон Форд "Осведомитель"
0%
1937 США Франк Капра "Мистер Дидс переезжает в город"
0%
1938 США Лео Маккэри "Ужасная правда"
0%
1939 США Франк Капра "С собой не унесёшь"
0%
1941 США Джон Форд "Гроздья гнева"
0%
1942 США Джон Форд "Как зелена была моя долина"
0%
1943 США Уильям Уайлер "Миссис Минивер"
0%
1945 США Лео Маккэри "Идти своим путём"
0%
1946 США Билли Уайлдер "Потерянный Уикэнд"
0%
1947 США Уильям Уайлер "Лучшие годы нашей жизни"
0%
1948 США Элиа Казан "Джентльменское соглашение"
0%
1949 США, Мексика Джон Хьюстон "Сокровища Сьерра-Мадре"
0%
1950 США Джозеф Л. Манкевич "Письмо трём жёнам"
0%
1951 США Джозеф Л. Манкевич "Всё о Еве"
0%
1952 США Джордж Стивенс "Место под солнцем"
0%
1953 США Джон Форд "Тихий человек"
0%
1954 США Фред Циннеман "Отныне и вовеки веков"
0%
1955 США Элиа Казан "В порту"
0%
1956 США Делберт Манн "Марти"
0%
1957 США Джордж Стивенс "Гигант"
0%
1958 Великобритания, США Дэвид Лин "Мост через реку Квай"
0%
1959 США Винсент Миннелли "Жижи"
0%
1960 США Уильям Уайлер "Бен-Гур"
0%
1961 США Билли Уайлдер "Квартира"
0%
1962 США Джером Роббинс и Роберт Уайз "Вестсайдская история"
0%
1964 Великобритания Тони Ричардсон "Том Джонс"
0%
1965 США Джордж Кьюкор "Моя прекрасная леди"
0%
1966 США Роберт Уайз "Звуки музыки"
0%
1967 Великобритания Фред Циннеман "Человек на все времена"
0%
1969 Великобритания Кэрол Рид "Оливер!"
0%
1970 США Джон Шлезингер "Полуночный ковбой"
0%
1971 США Франклин Дж. Шеффнер "Паттон"
0%
1972 США Уильям Фридкин "Французский связной"
0%
1973 США Боб Фосс "Кабаре"
0%
1974 США Джордж Рой Хилл "Афера"
0%
1977 США Джон Г. Эвилдсен "Рокки"
0%
1978 США Вуди Аллен "Энни Холл"
0%
1979 США, Великобритания Майкл Чимино "Охотник на оленей"
0%
1981 США Роберт Редфорд "Обыкновенные люди"
0%
1982 США Уоррен Битти "Красные"
0%
1983 Великобритания, Индия Ричард Аттенборо "Ганди"
0%
1984 США Джеймс Л. Брукс "Язык нежности"
0%
1985 США Милош Форман "Амадей"
0%
1986 США Сидни Поллак "Из Африки"
0%
1987 США Оливер Стоун "Взвод"
0%
1988 Великобритания, Италия, Китай, Франция Бернардо Бертолуччи "Последний император"
0%
1990 США Оливер Стоун "Рождённый четвёртого июля"
0%
1991 США Кевин Костнер "Танцующий с волками"
0%
1997 Великобритания, США Энтони Мингелла "Английский пациент"
0%
No matching quizzes found
Score Distribution
Percent of People with Each Score
Percentile by Number Answered
Your Score History
You have not taken this quiz